| 000 | 01370nam0a22002891 4500 | ||
|---|---|---|---|
| 001 | rc\3971771 | ||
| 005 | 20260408080712.0 | ||
| 021 |
_aRU _b[55-60396] |
||
| 035 | _a(NLR Aleph) 008056536 | ||
| 090 |
_a8975523 _c8975523 |
||
| 100 | _a20130415d1955 |||y0rusy50 ca | ||
| 101 | 0 | _arus | |
| 102 | _aRU | ||
| 105 | _ay z ||||| | ||
| 200 | 1 |
_aИнструкция по применению классификации запасов к месторождениям марганцевых руд _e[Утв. 18/VII 1955 г.] _fГос. комис. по запасам полезных ископаемых при Совете Министров СССР |
|
| 210 |
_aМосква _cГосгеолтехиздат _d1955 |
||
| 215 |
_a46 с. _d22 |
||
| 300 | _aНа обороте тит. л. сост.: А.Г. Бетехтин | ||
| 606 |
_aМарганцевые месторождения _xПодсчет и классификация запасов _2psbo |
||
| 702 | 1 |
_4220 _7ca _8rus _aБетехтин _bА. Г. _f1897-1962 _gАнатолий Георгиевич _9266525 _3RU\NLR\AUTH\770266581 |
|
| 712 | 0 | 1 |
_aСССР _bКомиссия по запасам полезных ископаемых _9703065 _3RU\NLR\AUTH\8810101042 |
| 801 | 0 |
_aRU _bNLR _gpsbo |
|
| 801 | 1 |
_aRU _bELAR _2rusmarc |
|
| 852 |
_aNLR _jГн02 Г-6/591 |
||
| 942 | _cBOOK | ||
| 980 | _aNB | ||